| 000 | 00819nam a2200265 a 4500 | ||
|---|---|---|---|
| 001 | BRCA_70 | ||
| 005 | 20190320202854.0 | ||
| 008 | 771230s1979 sp-a---##b---#000-0#spa-# | ||
| 020 | _a8434577267 | ||
| 040 |
_aDLC _cDLC _dDLC |
||
| 041 | _aspa | ||
| 044 | _asp | ||
| 050 | 4 |
_aAM5 _b.R64 1979 |
|
| 100 | 1 |
_aRojas, Roberto _9311 |
|
| 245 | 1 | 0 |
_aLos museos en el mundo _ctextos Roberto Rojas, José Luis Crespán, Manuel Trallero. |
| 260 |
_aBarcelona _bSalvat _c1979 |
||
| 300 |
_a142 p. _bil. a color _c20 cm. |
||
| 440 | 0 |
_aColección biblioteca Salvat de grandes temas _v26 _9312 |
|
| 504 | _aBibliografía: p. [143] | ||
| 650 | 1 | 4 |
_aMuseos de arte _xHistoria _zAmérica Latina _9313 |
| 650 | 1 | 4 |
_aMuseos _9144 |
| 700 | 1 |
_aCrespán, José Luis _ecoaut. _9314 |
|
| 700 | 1 |
_aTrallero, Manuel _ecoaut. _9315 |
|
| 942 |
_2lcc _cB |
||
| 999 |
_c69 _d69 |
||